Architecture General Knowledge #2 - Statistics

General Stats
  • This quiz has been taken 521 times
  • The average score is 12 of 20
Answer Stats
Question Answer % Correct
What is the tallest structure in Paris? Eiffel Tower
98%
What protective barrier was meant to keep northern invaders out of China? Great Wall of China
91%
What is the name of the snow house of the Inuit and Eskimo peoples? Igloo
84%
What Egyptian city is home to the "Great Pyramid"? Giza
82%
In what palace did Louis XIV of France live? Versailles
81%
What building, located in Virginia's Arlington County, serves as the headquarters of the U.S. military? The Pentagon
71%
What is the term for an Italian country home? Villa
63%
What twin towers in Kuala Lumpur were once world's tallest? Petronas Towers
62%
What Seattle landmark was built for the World's Fair of 1962? Space Needle
61%
What is the name of the mansion where Elvis Presley used to live? Graceland
57%
What was world's tallest building between 2004–2010? {Taipei} 101
56%
What Canadian architect designed the Guggenheim Museum in Bilbao? Frank Gehry
48%
What small cube-shaped building in Mecca is Islam's holiest location? Kaaba
47%
What is the foremost work of the Danish architect Jørn Utzon? Sydney Opera House
47%
What expensive building material covers a high percentage of the buildings in Ashgabat? White Marble
45%
What Islamic shrine is located on Jerusalem's Temple Mount? Dome of the Rock
43%
What Chinese-American architect designed the Louvre pyramid? I. M. Pei
42%
What is the name of a Mesopotamian pyramid with steps? Ziggurat
42%
In what Middle Eastern city is world's future-tallest building going to be built? Jeddah
36%
What Arabic word, starting with K, refers to a fortress or keep in North Africa? Kasbah
18%
No matching quizzes found
Score Distribution
Percent of People with Each Score
Percentile by Number Answered
Your Score History
You have not taken this quiz